[Event "Bunratty Masters 2020"]
[Site "Bunratty IRL"]
[Date "2020.02.22"]
[Round "4.3"]
[White "Mannion, Stephen R."]
[Black "Williams, Simon"]
[Result "1/2-1/2"]
[WhiteTitle "IM"]
[BlackTitle "GM"]
[WhiteElo "2266"]
[BlackElo "2473"]
[WhiteNationality "SCO"]
[BlackNationality "ENG"]
[WhiteFideId "2400111"]
[BlackFideId "468533"]
[PlyCount "163"]
[EventDate "2020.02.21"]

{ Event information: <a
href="http://www.irlchess.com/bunratty2020_allfiles/pairings_bunratty2020.html">Tournament
report</a>. }

1. e4 d6 2. d4 Nf6 3. Nc3 Nbd7 4. Nf3 e5 5. Bc4 Be7 6. a4 c6 7. O-O Qc7 8.
a5 h6 9. Qe2 Nf8 10. dxe5 dxe5 11. Nh4 N8h7 12. Nf5 Bxf5 13. exf5 O-O 14.
a6 b5 15. Bd3 Rfe8 16. Qf3 Rad8 17. Be3 Nd5 18. Ne4 Ng5 19. Bxg5 Bxg5 20.
g3 Be7 21. c3 Nf6 22. Rfd1 Qb6 23. Kg2 b4 24. Nxf6+ Bxf6 25. Qe4 bxc3 26.
bxc3 Qc5 27. Bc4 Rxd1 28. Rxd1 Rd8 29. Rxd8+ Bxd8 30. Qd3 Bb6 31. f3 Kf8
32. Qe2 h5 33. Qa2 g5 34. fxg6 fxg6 35. Qe2 Kg7 36. Qe4 Qd6 37. Bd3 Ba5 38.
c4 Bb6 39. g4 h4 40. h3 Bc5 41. Kf1 Qf6 42. Ke2 Qg5 43. Bc2 Qf6 44. Bd3 Bd4
45. Bc2 Kh6 46. Bd3 c5 47. Qb7 Bc3 48. Qb3 Bb4 49. Be4 Qxa6 50. Qe3+ Kg7
51. Bd3 Qd6 52. Bc2 a5 53. Qd3 Qf6 54. Kf2 Qc6 55. Qe4 Qd6 56. Qd3 Qf6 57.
Ke2 Qa6 58. Ba4 Qf6 59. Bc2 Qf7 60. Qe4 Bc3 61. Qc6 Bd4 62. Bd3 Kh6 63. Qa6
a4 64. Qxa4 Qf4 65. Be4 Qe3+ 66. Kd1 Bc3 67. Qd7 Kg5 68. Qd3 Qxd3+ 69. Bxd3
Kf4 70. Ke2 Kg3 71. Bxg6 Kxh3 72. Be4 Bb2 73. g5 Bc1 74. g6 Bh6 75. Kf2 Bg7
76. Bf5+ Kh2 77. Be4 Bf6 78. Bf5 Bg7 79. Be4 h3 80. Bf5 Bf6 81. Be4 Bg7 82.
Bf5 1/2-1/2

[Event "Bunratty Masters 2020"]
[Site "Bunratty IRL"]
[Date "2020.02.22"]
[Round "4.4"]
[White "Fromm, Marius"]
[Black "Arkell, Keith"]
[Result "0-1"]
[BlackTitle "GM"]
[WhiteElo "2189"]
[BlackElo "2454"]
[WhiteNationality "GER"]
[BlackNationality "ENG"]
[WhiteFideId "12993190"]
[BlackFideId "400270"]
[PlyCount "90"]
[EventDate "2020.02.21"]

{ Event information: <a
href="http://www.irlchess.com/bunratty2020_allfiles/pairings_bunratty2020.html">Tournament
report</a>. }

1. Nf3 d5 2. c4 d4 3. b4 Bg4 4. d3 Bxf3 5. exf3 e6 6. a3 a5 7. b5 Nd7 8.
Be2 a4 9. O-O Nc5 10. Nd2 Nf6 11. Ra2 e5 12. Ne4 Nfxe4 13. fxe4 Bd6 14. g3
O-O 15. Bd2 Qd7 16. Bb4 g6 17. f4 f6 18. Kg2 c6 19. bxc6 bxc6 20. fxe5 fxe5
21. Rxf8+ Bxf8 22. Bg4 Qe8 23. Rf2 Bd6 24. Rf6 Qe7 25. Qf1 Kg7 26. Bxc5
Bxc5 27. Rxc6 Rb8 28. Bd1 Rb2+ 29. Kh1 Rb1 30. Qe2 Bxa3 31. Ra6 Qb4 32.
Ra7+ Kh6 33. Ra6 Qb8 34. Qh5+ Kg7 35. Qf3 Be7 36. Re6 Qf8 37. Kg2 a3 38.
Ra6 Rb2+ 39. Be2 Bc5 40. Qxf8+ Kxf8 41. Kf3 a2 42. h4 Bb4 43. Ra8+ Ke7 44.
Ra7+ Kd6 45. Bf1 Bc3 0-1

[Event "Bunratty Masters 2020"]
[Site "Bunratty IRL"]
[Date "2020.02.22"]
[Round "4.5"]
[White "Lopez, Alex"]
[Black "Kolb, Markus"]
[Result "1-0"]
[WhiteTitle "IM"]
[WhiteElo "2441"]
[BlackElo "2025"]
[WhiteICU "2453"]
[WhiteClub "Cork"]
[WhiteNationality "IRL"]
[BlackNationality "GER"]
[WhiteFideId "2501430"]
[BlackFideId "4690524"]
[PlyCount "117"]
[EventDate "2020.02.21"]

{ Event information: <a
href="http://www.irlchess.com/bunratty2020_allfiles/pairings_bunratty2020.html">Tournament
report</a>. }

1. d4 d5 2. Bf4 Nf6 3. e3 c5 4. c3 Nc6 5. Nd2 e6 6. Ngf3 cxd4 7. exd4 Nh5
8. Bg3 Bd6 9. Bxd6 Qxd6 10. Ne5 g6 11. Nxc6 bxc6 12. g3 O-O 13. Be2 Ng7 14.
O-O e5 15. dxe5 Qxe5 16. Re1 Qc7 17. c4 Qb6 18. cxd5 cxd5 19. Nb3 Be6 20.
Rc1 Rac8 21. Qd4 Nf5 22. Qxb6 axb6 23. Bd3 Rxc1 24. Rxc1 Rc8 25. Rxc8+ Bxc8
26. Bxf5 Bxf5 27. Nd4 Bd7 28. Kf1 Kf8 29. Ke2 Ke7 30. Ke3 Kd6 31. Nf3 f6
32. Kd4 g5 33. Nd2 Bb5 34. Nb1 Bf1 35. Nc3 Bg2 36. b4 h5 37. h4 Bf3 38. a4
gxh4 39. gxh4 Ke6 40. a5 bxa5 41. bxa5 Kd6 42. a6 Kc6 43. a7 Kb7 44. Nxd5
Kxa7 45. Nxf6 Kb7 46. Ke3 Bd1 47. Kf4 Kc6 48. Kg5 Kd6 49. f4 Ke6 50. Nxh5
Bc2 51. f5+ Kf7 52. Nf4 Kg7 53. Ne6+ Kh7 54. Kf6 Kh6 55. Nf4 Bb1 56. Ke6
Ba2+ 57. Ke7 Kg7 58. f6+ Kg8 59. Ne6 1-0

[Event "Bunratty Masters 2020"]
[Site "Bunratty IRL"]
[Date "2020.02.22"]
[Round "4.6"]
[White "Baker, Chris W."]
[Black "Baburin, Alexander"]
[Result "1/2-1/2"]
[WhiteTitle "IM"]
[BlackTitle "GM"]
[WhiteElo "2234"]
[BlackElo "2418"]
[BlackICU "2386"]
[BlackClub "Kilkenny"]
[WhiteNationality "ENG"]
[BlackNationality "IRL"]
[WhiteFideId "401676"]
[BlackFideId "2500914"]
[PlyCount "56"]
[EventDate "2020.02.21"]

{ Event information: <a
href="http://www.irlchess.com/bunratty2020_allfiles/pairings_bunratty2020.html">Tournament
report</a>. }

1. d4 d5 2. Nf3 Nf6 3. Bf4 Bf5 4. c3 e6 5. e3 Bd6 6. Bg3 O-O 7. Bd3 Bxd3 8.
Qxd3 Ne4 9. Nbd2 Bxg3 10. hxg3 f5 11. Ne5 Nd7 12. Nxd7 Qxd7 13. Nf3 a6 14.
Ne5 Qb5 15. Qxb5 axb5 16. Ke2 g6 17. a3 Kg7 18. Rh3 h5 19. f3 Nf6 20. Rhh1
c6 21. Ra2 Ra7 22. Rha1 Rfa8 23. b3 Ne8 24. Kd3 Nd6 25. a4 g5 26. a5 Kf6
27. a6 Rxa6 28. Rxa6 bxa6 1/2-1/2

[Event "Bunratty Masters 2020"]
[Site "Bunratty IRL"]
[Date "2020.02.22"]
[Round "4.7"]
[White "Rawlinson, Aidan"]
[Black "Bates, Richard"]
[Result "1/2-1/2"]
[BlackTitle "IM"]
[WhiteElo "2181"]
[BlackElo "2366"]
[WhiteNationality "ENG"]
[BlackNationality "ENG"]
[WhiteFideId "413496"]
[BlackFideId "403555"]
[PlyCount "67"]
[EventDate "2020.02.21"]

{ Event information: <a
href="http://www.irlchess.com/bunratty2020_allfiles/pairings_bunratty2020.html">Tournament
report</a>. }

1. d4 Nf6 2. c4 e6 3. g3 Bb4+ 4. Bd2 a5 5. Bg2 d6 6. e4 e5 7. Ne2 O-O 8.
O-O exd4 9. Nxd4 Re8 10. Qc2 Nbd7 11. Re1 c6 12. Bc3 Qb6 13. Nd2 Ne5 14. h3
Be6 15. Nxe6 Rxe6 16. Nb3 Bxc3 17. Qxc3 c5 18. Nd2 Nc6 19. b3 Rae8 20. Re3
Nd4 21. Rae1 Nd7 22. f4 Qb4 23. Qb2 a4 24. a3 Qb6 25. b4 cxb4 26. axb4 a3
27. Qc3 Nf5 28. c5 dxc5 29. bxc5 Qb2 30. Rb1 Qxc3 31. Rxc3 a2 32. Ra1 Nd4
33. Rc4 Nc6 34. Rxa2 1/2-1/2

[Event "Bunratty Masters 2020"]
[Site "Bunratty IRL"]
[Date "2020.02.22"]
[Round "4.8"]
[White "Wallace, Paul"]
[Black "Heidenfeld, Mark"]
[Result "1/2-1/2"]
[BlackTitle "IM"]
[WhiteElo "2155"]
[BlackElo "2361"]
[WhiteICU "2145"]
[BlackICU "2297"]
[WhiteClub "Kilkenny"]
[BlackClub "Kilkenny"]
[WhiteNationality "IRL"]
[BlackNationality "IRL"]
[WhiteFideId "2500892"]
[BlackFideId "2500990"]
[PlyCount "62"]
[EventDate "2020.02.21"]

{ Event information: <a
href="http://www.irlchess.com/bunratty2020_allfiles/pairings_bunratty2020.html">Tournament
report</a>. }

1. e4 e5 2. Nf3 Nc6 3. Bc4 Be7 4. O-O Nf6 5. Re1 O-O 6. d4 d6 7. dxe5 Nxe5
8. Nxe5 dxe5 9. Qxd8 Rxd8 10. Nd2 h6 11. Nf3 Bb4 12. c3 Bd6 13. Nh4 Kf8 14.
Nf5 Bc5 15. Be3 Bxe3 16. Nxe3 Nxe4 17. Nd5 Bf5 18. f3 Nd6 19. Rxe5 Nxc4 20.
Rxf5 Nd6 21. Re5 c6 22. Nf4 Nc4 23. Re2 Rd6 24. Kf2 Rad8 25. Rae1 Nb6 26.
Re7 R6d7 27. Rxd7 Rxd7 28. Re2 Na4 29. Rc2 Nc5 30. b4 Nd3+ 31. Nxd3 Rxd3
1/2-1/2

[Event "Bunratty Masters 2020"]
[Site "Bunratty IRL"]
[Date "2020.02.22"]
[Round "4.9"]
[White "Flynn, Jacob"]
[Black "Fitzsimons, David"]
[Result "0-1"]
[BlackTitle "IM"]
[WhiteElo "2105"]
[BlackElo "2328"]
[WhiteICU "2108"]
[BlackICU "2341"]
[WhiteClub "Malahide"]
[BlackClub "Elm Mount"]
[WhiteNationality "IRL"]
[BlackNationality "IRL"]
[WhiteFideId "2509393"]
[BlackFideId "2501961"]
[PlyCount "110"]
[EventDate "2020.02.21"]

{ Event information: <a
href="http://www.irlchess.com/bunratty2020_allfiles/pairings_bunratty2020.html">Tournament
report</a>. }

1. d4 Nf6 2. Nf3 g6 3. Nbd2 c5 4. dxc5 Qa5 5. a3 Qxc5 6. b4 Qc7 7. Bb2 Bg7
8. e3 O-O 9. Be2 b6 10. O-O Bb7 11. c4 d6 12. Qb3 Nbd7 13. Rac1 a6 14. Rfd1
Rac8 15. h3 Rfe8 16. Nb1 e6 17. Nc3 Bxf3 18. Bxf3 Qxc4 19. Qxc4 Rxc4 20.
Rxd6 a5 21. Be2 Rc7 22. Rcd1 Bf8 23. R6d2 axb4 24. axb4 Bxb4 25. Nb5 Rcc8
26. Nd6 Bxd6 27. Rxd6 Rc2 28. R6d2 Rxd2 29. Rxd2 Ra8 30. Bb5 Ra2 31. Bc4
Ne4 32. Rc2 Ra5 33. f3 Nd6 34. Bf1 Ra2 35. e4 Nc5 36. Rd2 Na4 37. Bc1 Rxd2
38. Bxd2 e5 39. Bb4 Nc5 40. Kf2 Kf8 41. Ke3 Ke7 42. Bc3 Ke6 43. g3 f5 44.
exf5+ gxf5 45. f4 e4 46. g4 Kd5 47. Bb4 Nc4+ 48. Bxc4+ Kxc4 49. Bxc5 Kxc5
50. gxf5 Kd5 51. f6 Ke6 52. Kxe4 Kxf6 53. Kd5 Kf5 54. Kc6 Kxf4 55. Kxb6 Kg3
0-1

[Event "Bunratty Masters 2020"]
[Site "Bunratty IRL"]
[Date "2020.02.22"]
[Round "4.10"]
[White "Brady, Stephen"]
[Black "McMorrow, John"]
[Result "1-0"]
[WhiteTitle "FM"]
[WhiteElo "2288"]
[BlackElo "1986"]
[WhiteICU "2268"]
[BlackICU "1988"]
[WhiteClub "St. Benildus"]
[BlackClub "Gonzaga"]
[WhiteNationality "IRL"]
[BlackNationality "IRL"]
[WhiteFideId "2500124"]
[BlackFideId "2501481"]
[PlyCount "53"]
[EventDate "2020.02.21"]

{ Event information: <a
href="http://www.irlchess.com/bunratty2020_allfiles/pairings_bunratty2020.html">Tournament
report</a>. }

1. e4 e5 2. Nf3 Nc6 3. Bc4 Bc5 4. c3 Nf6 5. d3 O-O 6. Bb3 a6 7. h3 h6 8.
Nbd2 d5 9. O-O Ba7 10. Re1 Re8 11. exd5 Nxd5 12. d4 Nf4 13. Nc4 Ng6 14.
Ncxe5 Ngxe5 15. dxe5 Qe7 16. Be3 Bxe3 17. Rxe3 Rd8 18. Qc2 Na5 19. Rd1
Rxd1+ 20. Qxd1 Bf5 21. Nd4 Bh7 22. e6 f6 23. Bc2 Re8 24. Bxh7+ Kxh7 25. Nf5
Qc5 26. Qd3 Qc4 27. Qd7 1-0

[Event "Bunratty Masters 2020"]
[Site "Bunratty IRL"]
[Date "2020.02.22"]
[Round "4.12"]
[White "Kanyamarala, Tarun"]
[Black "Lucchi, Lorenzo"]
[Result "1-0"]
[WhiteTitle "FM"]
[WhiteElo "2349"]
[BlackElo "2111"]
[WhiteICU "2275"]
[WhiteClub "Balbriggan"]
[WhiteNationality "IRL"]
[BlackNationality "ITA"]
[WhiteFideId "45004714"]
[BlackFideId "821160"]
[PlyCount "57"]
[EventDate "2020.02.21"]

{ Event information: <a
href="http://www.irlchess.com/bunratty2020_allfiles/pairings_bunratty2020.html">Tournament
report</a>. }

1. d4 Nf6 2. c4 g6 3. Nc3 d5 4. cxd5 Nxd5 5. e4 Nxc3 6. bxc3 Bg7 7. Be3 c5
8. Nf3 Bg4 9. Qa4+ Nc6 10. Rc1 O-O 11. d5 Bxf3 12. gxf3 Ne5 13. f4 Nf3+ 14.
Ke2 b5 15. Qxb5 Rb8 16. Qa4 Nh4 17. Bh3 e6 18. dxe6 Kh8 19. Rhd1 Rb2+ 20.
Rc2 Qe8 21. Rd7 Rxc2+ 22. Qxc2 fxe6 23. Qa4 g5 24. f3 gxf4 25. Bf2 Qh5 26.
Bg4 Qg5 27. Qxa7 h5 28. Bh3 Re8 29. Bxh4 1-0

[Event "Bunratty Masters 2020"]
[Site "Bunratty IRL"]
[Date "2020.02.22"]
[Round "4.13"]
[White "Kanyamarala, Trisha"]
[Black "Reyer, Ulli"]
[Result "1/2-1/2"]
[WhiteTitle "WFM"]
[WhiteElo "2299"]
[BlackElo "2092"]
[WhiteICU "2197"]
[WhiteClub "Balbriggan"]
[WhiteNationality "IRL"]
[BlackNationality "GER"]
[WhiteFideId "45004722"]
[BlackFideId "4633350"]
[PlyCount "66"]
[EventDate "2020.02.21"]

{ Event information: <a
href="http://www.irlchess.com/bunratty2020_allfiles/pairings_bunratty2020.html">Tournament
report</a>. }

1. d4 d5 2. Nf3 Nc6 3. c4 Bg4 4. cxd5 Bxf3 5. gxf3 Qxd5 6. e3 e5 7. Nc3 Bb4
8. Bd2 Bxc3 9. bxc3 Qd6 10. Bh3 Nf6 11. Rb1 b6 12. Qc2 O-O 13. O-O Rfe8 14.
Rfe1 Rad8 15. Bg2 Nh5 16. Qd1 g6 17. f4 exf4 18. e4 Ne5 19. Bc1 c5 20. Bb2
Nc4 21. Ba1 Qf6 22. Qe2 Qg5 23. Kh1 Nd6 24. Qd2 Nc4 25. Qe2 Nd6 26. Qf1 Qh4
27. Bf3 Ng7 28. Qg2 h5 29. e5 Ndf5 30. d5 g5 31. c4 g4 32. Be4 Qg5 33. Rbd1
f3 1/2-1/2

[Event "Bunratty Masters 2020"]
[Site "Bunratty IRL"]
[Date "2020.02.22"]
[Round "4.14"]
[White "O'Connor, Jonathan"]
[Black "Connell, Blair"]
[Result "1-0"]
[WhiteElo "2161"]
[BlackElo "2238"]
[WhiteICU "2110"]
[WhiteClub "Dublin"]
[WhiteNationality "IRL"]
[BlackNationality "ENG"]
[WhiteFideId "2501112"]
[BlackFideId "403725"]
[PlyCount "69"]
[EventDate "2020.02.21"]

{ Event information: <a
href="http://www.irlchess.com/bunratty2020_allfiles/pairings_bunratty2020.html">Tournament
report</a>. }

1. d4 d5 2. Nf3 Nf6 3. g3 h6 4. Bg2 c6 5. c4 Bf5 6. Qb3 Qb6 7. c5 Qxb3 8.
axb3 Bxb1 9. Rxb1 Nbd7 10. b4 a6 11. h4 Ne4 12. h5 e6 13. Bf4 Be7 14. Ne5
Nxe5 15. Bxe5 O-O 16. Ra1 Rae8 17. O-O f6 18. Bf4 Bd8 19. f3 Ng5 20. Bd6
Rf7 21. e4 Rd7 22. exd5 exd5 23. Rfe1 Rxe1+ 24. Rxe1 Kf7 25. f4 Ne6 26. Bh3
Rxd6 27. cxd6 Nxd4 28. Kf2 Nb5 29. d7 Nd6 30. Re6 Ne4+ 31. Kg2 Be7 32. Bf5
Nd2 33. Bg6+ ({ The game score must be garbled here. Possibly there is a
missing move and the continuation was something like } 33. Re2 Nc4 34. Bg6+
Kf8 35. d8=Q+ Bxd8 36. Re8#) 33... Kf8 34. d8=Q+ Bxd8 35. Re8# 1-0

[Event "Bunratty Masters 2020"]
[Site "Bunratty IRL"]
[Date "2020.02.22"]
[Round "4.15"]
[White "Pein, Jonathan"]
[Black "Ireland, David"]
[Result "1-0"]
[WhiteElo "2160"]
[BlackElo "1969"]
[WhiteNationality "ENG"]
[BlackNationality "ENG"]
[WhiteFideId "417092"]
[BlackFideId "413178"]
[PlyCount "67"]
[EventDate "2020.02.21"]

{ Event information: <a
href="http://www.irlchess.com/bunratty2020_allfiles/pairings_bunratty2020.html">Tournament
report</a>. }

1. e4 Nf6 2. Nc3 d5 3. e5 Ne4 4. Qf3 Nxc3 5. dxc3 g6 6. Be3 Bg7 7. Qg3 c6
8. Bd3 b6 9. h4 h6 10. f4 Qc7 11. Bxg6 fxg6 12. Qxg6+ Kf8 13. e6 Bxe6 14.
Qxe6 Nd7 15. Nf3 Rd8 16. Ne5 Nxe5 17. fxe5 Bxe5 18. O-O+ Ke8 19. Qg6+ Kd7
20. Qg4+ Ke8 21. Rae1 Qd6 22. Rf5 h5 23. Rxh5 Rxh5 24. Qxh5+ Kd7 25. Qf5+
Kc7 26. Qxe5 Qxe5 27. Bxb6+ axb6 28. Rxe5 Kd6 29. Rg5 e5 30. Rg6+ Kd7 31.
Kf2 e4 32. h5 c5 33. Rxb6 Rg8 34. Rg6 1-0

[Event "Bunratty Masters 2020"]
[Site "Bunratty IRL"]
[Date "2020.02.22"]
[Round "4.16"]
[White "Grochowalski, Pawel"]
[Black "Wall, Tim"]
[Result "0-1"]
[BlackTitle "FM"]
[WhiteElo "2099"]
[BlackElo "2201"]
[WhiteNationality "POL"]
[BlackNationality "ENG"]
[WhiteFideId "1115197"]
[BlackFideId "401641"]
[PlyCount "88"]
[EventDate "2020.02.21"]
[WhiteFullName "Grochowalski, Pawe&#322;"]

{ Event information: <a
href="http://www.irlchess.com/bunratty2020_allfiles/pairings_bunratty2020.html">Tournament
report</a>. }

1. d4 d5 2. c4 e6 3. Nc3 c5 4. cxd5 cxd4 5. Qxd4 Nc6 6. Qd1 exd5 7. e3 Nf6
8. Nf3 Bd6 9. Be2 O-O 10. O-O Re8 11. Nb5 Bb8 12. b3 Ne4 13. Bb2 Bg4 14.
Rc1 Re6 15. Nbd4 Rh6 16. g3 Qe7 17. Nxc6 bxc6 18. Qd4 Qf8 19. Bd1 Bh3 20.
Re1 Bc7 21. Ne5 Bb6 22. Qa4 Rc8 23. Bf3 Qe8 24. Bd4 Ng5 25. Bh1 Qe6 26. f4
Ne4 27. Nd3 Rg6 28. Ne5 Rh6 29. Nd3 Bf5 30. Nc5 Bxc5 31. Bxc5 Qg6 32. Bxe4
Bxe4 33. Qa6 Re8 34. Qe2 a6 35. Bd4 Qf5 36. Rc5 Qh3 37. Rec1 Ree6 38. Bc3
Rhg6 39. Be1 h5 40. Qf1 Qg4 41. h3 Qf5 42. Kh2 Bd3 43. Qf3 Rh6 44. Bf2 g5
0-1

[Event "Bunratty Masters 2020"]
[Site "Bunratty IRL"]
[Date "2020.02.22"]
[Round "4.18"]
[White "Van der Zwet, Bart"]
[Black "Machin, Guillaume"]
[Result "1-0"]
[BlackTitle "CM"]
[WhiteElo "2092"]
[BlackElo "2159"]
[WhiteNationality "NED"]
[BlackNationality "FRA"]
[WhiteFideId "1004204"]
[BlackFideId "616648"]
[PlyCount "87"]
[EventDate "2020.02.21"]
[WhiteFullName "van der Zwet, Bart"]

{ Event information: <a
href="http://www.irlchess.com/bunratty2020_allfiles/pairings_bunratty2020.html">Tournament
report</a>. }

1. c4 f5 2. Nc3 Nf6 3. g3 d6 4. Bg2 e5 5. b3 Be7 6. Bb2 O-O 7. Nf3 Qe8 8.
O-O Qh5 9. Nd5 Nxd5 10. cxd5 f4 11. d3 Bh3 12. Ne1 Nd7 13. e4 Qh6 14. Qf3
fxg3 15. Qxg3 Bxg2 16. Nxg2 Bg5 17. Bc1 Bf4 18. Qh4 Qxh4 19. Nxh4 Nc5 20.
Rd1 a5 21. Ng2 Bxc1 22. Raxc1 Rf3 23. Ne1 Rf4 24. f3 Raf8 25. Rc2 h5 26.
Rg2 Kh7 27. Kf2 b5 28. Ke3 R8f7 29. Rdd2 Kh6 30. Rg3 h4 31. Rg1 h3 32. Rg3
Rh4 33. Rf2 Nd7 34. d4 exd4+ 35. Kxd4 Nf6 36. Nd3 Nh5 37. Rg1 g5 38. Ke3
Nf4 39. Nxf4 gxf4+ 40. Kd4 Rh5 41. Rff1 Rf8 42. Rg4 Rg5 43. Rfg1 Rfg8 $4 (
43... Rxg4 44. Rxg4 Kh5 $16) 44. Rh4+ (44. Rh4+ Kg6 45. Rxg5+ Kxg5 46. Rg4+
) 1-0

[Event "Bunratty Masters 2020"]
[Site "Bunratty IRL"]
[Date "2020.02.22"]
[Round "4.19"]
[White "Murray, David"]
[Black "Van Empel, Fred"]
[Result "1-0"]
[WhiteElo "2145"]
[BlackElo "2042"]
[WhiteICU "2138"]
[WhiteClub "Gonzaga"]
[WhiteNationality "IRL"]
[BlackNationality "NED"]
[WhiteFideId "2501511"]
[BlackFideId "1040863"]
[PlyCount "87"]
[EventDate "2020.02.21"]
[BlackFullName "van Empel, Fred"]

{ Event information: <a
href="http://www.irlchess.com/bunratty2020_allfiles/pairings_bunratty2020.html">Tournament
report</a>. }

1. e4 Nc6 2. Nf3 e5 3. d4 exd4 4. Nxd4 Bc5 5. Nb3 Be7 6. Nc3 Nf6 7. Be3 d6
8. h3 O-O 9. g4 a5 10. g5 Nd7 11. f4 a4 12. Nd4 Nxd4 13. Qxd4 c5 14. Qd2
Nb6 15. f5 Re8 16. O-O-O a3 17. b3 Bf8 18. Kb1 Qe7 19. Bf4 d5 20. f6 gxf6
21. gxf6 Qxf6 22. Rg1+ Kh8 23. Bg5 Qe5 24. Bb5 Re6 25. Bf4 Qf6 26. Rg3 Bd6
27. Rdg1 Bd7 28. Bxd6 Rxd6 29. Qg2 Qd8 30. Bd3 c4 31. e5 Rh6 32. Be2 Bf5
33. Qf2 Bg6 34. Qd4 Rh4 35. Rg4 Rxg4 36. Bxg4 Ra6 37. e6+ f6 38. h4 cxb3
39. axb3 a2+ 40. Nxa2 Qe7 41. Nb4 Nc4 42. Nxa6 Na3+ 43. Kb2 Nxc2 44. Qc5
1-0

[Event "Bunratty Masters 2020"]
[Site "Bunratty IRL"]
[Date "2020.02.22"]
[Round "4.20"]
[White "Skulte, Christopher"]
[Black "Shanel, Jaroslav"]
[Result "0-1"]
[WhiteElo "2036"]
[BlackElo "2138"]
[WhiteNationality "AUS"]
[BlackNationality "CZE"]
[WhiteFideId "3214044"]
[BlackFideId "318671"]
[PlyCount "68"]
[EventDate "2020.02.21"]

{ Event information: <a
href="http://www.irlchess.com/bunratty2020_allfiles/pairings_bunratty2020.html">Tournament
report</a>. }

1. e4 e5 2. Nf3 Nc6 3. d4 exd4 4. Nxd4 d6 5. Bc4 Nf6 6. O-O Be7 7. Nc3 O-O
8. Bf4 Ne5 9. Bb3 Re8 10. Bg3 Bf8 11. f4 Ng6 12. f5 Ne5 13. Bh4 Bd7 14. Nd5
Be7 15. Bxf6 Bxf6 16. Qh5 Rf8 17. Rad1 c6 18. Nxf6+ Qxf6 19. g4 d5 20. g5
Qd6 21. Rf4 Rae8 22. Rh4 h6 23. Kh1 Ng6 24. gxh6 Nxh4 25. hxg7 Kxg7 26.
Qxh4 Qh6 27. Qg4+ Kf6 28. exd5 c5 29. Ne2 Rg8 30. Qc4 Qe3 31. Qh4+ Ke5 32.
Ng1 Bxf5 33. Qh5 Kf6 34. Nf3 Rh8 0-1

[Event "Bunratty Masters 2020"]
[Site "Bunratty IRL"]
[Date "2020.02.22"]
[Round "4.21"]
[White "Vogel, Constantin"]
[Black "Wolferink, Frans"]
[Result "1/2-1/2"]
[WhiteElo "2129"]
[BlackElo "2081"]
[WhiteICU "1993"]
[WhiteClub "St. Benildus"]
[WhiteNationality "GER"]
[BlackNationality "NED"]
[WhiteFideId "12960071"]
[BlackFideId "1003917"]
[PlyCount "89"]
[EventDate "2020.02.21"]

{ Event information: <a
href="http://www.irlchess.com/bunratty2020_allfiles/pairings_bunratty2020.html">Tournament
report</a>. }

1. c4 Nf6 2. g3 g6 3. b3 Bg7 4. Bb2 c5 5. Bg2 Nc6 6. Nf3 O-O 7. O-O d6 8.
d4 cxd4 9. Nxd4 Bd7 10. Nc3 Qb6 11. Nc2 Rfd8 12. Ne3 e6 13. Qxd6 Be8 14.
Qf4 Nd4 15. Rfe1 h6 16. Ne4 Nh5 17. Qh4 f5 18. g4 Nf4 19. Nf6+ Kf7 20. Bxd4
Qxd4 21. Nxe8 g5 22. Qg3 Qxa1 23. Kf1 Qe5 24. Nxg7 Kxg7 25. gxf5 exf5 26.
Bxb7 Rab8 27. Bf3 Rd2 28. h4 Kg6 29. Nd5 Rxa2 30. Rd1 Re8 31. hxg5 hxg5 32.
Nxf4+ Qxf4 33. Rd6+ Kg7 34. Rd7+ Kf6 35. Qxf4 gxf4 36. Rd6+ Ke7 37. Rg6 Kf7
38. Rh6 Ra1+ 39. Kg2 Rg8+ 40. Kh2 Rg5 41. Rh4 Rb1 42. c5 Ke6 43. Rxf4 Rxb3
44. c6 Rc3 45. Ra4 1/2-1/2

[Event "Bunratty Masters 2020"]
[Site "Bunratty IRL"]
[Date "2020.02.22"]
[Round "4.22"]
[White "Lange, Jannis"]
[Black "Foley, John"]
[Result "1-0"]
[WhiteElo "2126"]
[BlackElo "1954"]
[WhiteNationality "GER"]
[BlackNationality "ENG"]
[WhiteFideId "12993107"]
[BlackFideId "424110"]
[PlyCount "79"]
[EventDate "2020.02.21"]

{ Event information: <a
href="http://www.irlchess.com/bunratty2020_allfiles/pairings_bunratty2020.html">Tournament
report</a>. }

1. e4 c6 2. d4 d5 3. Nc3 dxe4 4. Nxe4 Nf6 5. Nxf6+ exf6 6. c3 Bd6 7. Bd3
O-O 8. Be3 Re8 9. Qc2 h6 10. Ne2 Be6 11. O-O Qc7 12. g3 Nd7 13. Nf4 Nf8 14.
Be4 Bg4 15. h3 Bd7 16. Bg2 Ne6 17. Nh5 Ng5 18. h4 Nh7 19. Be4 f5 20. Bxf5
Bxf5 21. Qxf5 g6 22. Nf6+ Nxf6 23. Qxf6 Re6 24. Qf3 Kg7 25. Rfe1 Rae8 26.
Re2 f5 27. Rae1 Qf7 28. d5 cxd5 29. Qxd5 Kg8 30. Qf3 Qe7 31. Kf1 Kh7 32.
Bxa7 Re4 33. Bd4 Qe6 34. Rxe4 fxe4 35. Qf6 Qxf6 36. Bxf6 Rf8 37. Bd4 Bxg3
38. Rxe4 Rf7 39. Re8 g5 40. h5 1-0